VPLYV DEAE-DEXTRANU NA ZVÝŠENIE PENETRÁCIE VAKCINAČNÉHO KMEŇA VNUKOVO-32

Bibliographic Details
Main Authors: Ondrejková, Anna, 1961- (Author), Süli, J. (Author), Franka, R. (Author), Ondrejka, R. (Author), Švrček, Štefan, 1934- (Author), Beníšek, Z. (Author)
Format: Article
Language:Slovak
ISBN:8088985560

MARC

LEADER 00000naa a2200000uu 4500
001 vtls010957955
003 SK-MaSNL
005 20260302134623.0
008 210910|2001 xo |||||||||||||||||slo|
015 |a SNBRA 
035 |a (urnnbn)urn:nbn:sk:snk:ar-a0bpd2 
035 |a (uuid)6ca2f797-2121-4ef1-a71b-ca951758379b 
035 |a urn:nbn:sk:snk-aauh3b 
040 |a SNKBUCL  |b slo  |c SNKBUCL  |e AACR2 
041 0 |a slo 
044 |a xo  |c SK 
100 1 |a Ondrejková, Anna,  |d 1961-  |4 aut  |9 199681 
245 1 0 |a VPLYV DEAE-DEXTRANU NA ZVÝŠENIE PENETRÁCIE VAKCINAČNÉHO KMEŇA VNUKOVO-32  |c A. Ondrejková, J. Süli, R. Franka, R. Ondrejka, Š. Švrček, Z. Beníšek 
246 3 |a THE EFFECT OF DEAE-DEXTRAN ON PENETRATION OF VACCINE VIRUS STRAIN VNUKOVO-32 
700 1 |a Süli, J.  |4 aut  |9 765569 
700 1 |a Franka, R.  |4 aut  |9 822399 
700 1 |a Ondrejka, R.  |4 aut  |9 431246 
700 1 |a Švrček, Štefan,  |d 1934-  |4 aut  |9 90549 
700 1 |a Beníšek, Z.  |4 aut  |9 822393 
773 0 |t Aktuálne problémy epizootológie a infektológie  |d Košice : Univerzita veterinárskeho lekárstva, 2001  |g S. 375-378  |z 8088985560 
958 |a OND 
958 |a article11 
958 |a chapter 
999 |c 1322957  |d 1324887